| 000 | 01036nam a22002297a 4500 | ||
|---|---|---|---|
| 005 | 20110906145651.0 | ||
| 010 | _aG-001181 | ||
| 020 |
_a _c25.00 |
||
| 035 | _aG-001181 | ||
| 037 | _bउपहार | ||
| 082 | _aक | ||
| 100 |
_aव्यथित हृदय _934570 |
||
| 245 |
_aकलम अपनी कहानियाँ बड़ों की / _cव्यथित हृदय |
||
| 246 |
_a _b |
||
| 260 |
_aनई दिल्ली _bआर्य बुक डिपो _c2005 (पु.मु.) |
||
| 270 |
_a30, नाईवाला, करोल बाग _bदिल्ली _e110005 _k |
||
| 300 |
_a120पृ. _bसचित्र _c22 सेमी (अजिल्द) |
||
| 700 |
_a _934535 |
||
| 942 |
_2ddc _cCH _hक _mव्यथित |
||
| 999 |
_c56428 _d56428 |
||